[Event "8th Parsvnath Open"]
[Site "New Delhi IND"]
[Date "2010.01.22"]
[Round "11"]
[White "Girinath,P"]
[Black "Thipsay,P"]
[Result "1/2-1/2"]
[WhiteElo "2370"]
[BlackElo "2469"]

1.e4 c5 2.Nf3 d6 3.Bb5+ Bd7 4.Bxd7+ Nxd7 5.O-O Ngf6 6.Qe2 Rc8 7.b3 g6 8.Bb2 Bg7
9.c4 O-O 10.d4 cxd4 11.Bxd4 a6 12.Re1 Nc5 13.Nc3 Ne6 14.Bxf6 Bxf6 15.Rac1 Nd4
16.Qd3 Nxf3+ 17.Qxf3 Bg7 18.e5 Bxe5 19.Qxb7 Bxc3 20.Rxc3 Qa5 21.Rcc1 Rc7
22.Qf3 Qxa2 23.Ra1 Qd2 24.g3 Rb8 25.Re3 a5 26.h4 Rcb7 27.Rd1 Qa2 28.Qf4 Qb2
29.h5 Re8 30.Rxd6 a4 31.bxa4 Qc1+ 32.Kh2 Rb1 33.Qf3 Qxc4 34.Qd5 Qf1 35.Qg2 Qc1
36.Rd4 Qc5 37.Qd5 Qc2 38.Rf4 e6 39.Qf3 Qc7  1/2-1/2

[Event "2nd Chennai Open"]
[Site "Chennai IND"]
[Date "2010.01.26"]
[Round "3"]
[White "Girinath,P"]
[Black "Rao J.,M"]
[Result "1/2-1/2"]
[WhiteElo "2370"]
[BlackElo "2172"]

1.e4 c5 2.Nf3 d6 3.Bb5+ Bd7 4.Bxd7+ Qxd7 5.O-O Nc6 6.c3 Nf6 7.d4 cxd4 8.cxd4 d5
9.e5 Ng8 10.Nc3 e6 11.Ne2 Nge7 12.Ng3 g6 13.Bg5 Ng8 14.Rc1 h6 15.Be3 h5 16.h4 Nh6
17.Rc3 Bb4 18.Rd3 O-O-O 19.a3 Be7 20.b4 Ng4 21.Qd2 b6 22.Rc1 Kb7 23.Rdc3 Rc8
24.Bg5 Bf8 25.b5 Ne7 26.a4 Rxc3 27.Qxc3 Bh6 28.Qd2 Bg7  1/2-1/2

[Event "Corus B"]
[Site "Wijk aan Zee NED"]
[Date "2010.01.26"]
[Round "9"]
[White "Muzychuk,A"]
[Black "Giri,A"]
[Result "1-0"]
[WhiteElo "2523"]
[BlackElo "2588"]

1.e4 c5 2.Nf3 d6 3.Bb5+ Nd7 4.d4 cxd4 5.Qxd4 a6 6.Bxd7+ Bxd7 7.c4 Bg4 8.Nc3 e6
9.Be3 Nf6 10.Nd2 Be7 11.h3 e5 12.Qb6 Qxb6 13.Bxb6 Be6 14.Nd5 Bxd5 15.cxd5 Bd8
16.Bxd8 Kxd8 17.Rc1 b5 18.Ke2 Kd7 19.Rc6 Rhc8 20.Rhc1 Rxc6 21.Rxc6 Ng8 22.a4 Ne7
23.Rb6 Kc7 24.a5 Ra7 25.Nf3 f6 26.Ne1 Nc8 27.Rc6+ Kd7 28.Nd3 Ne7 29.Rc3 f5
30.f3 f4 31.Kf2 Ra8 32.h4 g6 33.g3 fxg3+ 34.Kxg3 g5 35.hxg5 Rg8 36.Kh4 h6
37.gxh6 Rg1 38.Rc1 Rg6 39.f4 Rxh6+ 40.Kg3 exf4+ 41.Nxf4 Ng6 42.Ne6 Ke7 43.Nd4 Kf6
44.Nf5 Rh5 45.Rc8 Rg5+ 46.Kf3 Rg1 47.Nxd6 Rb1 48.Re8 Rxb2 49.Re6+ Kg5 50.Nf7+ Kh5
51.Ke3 Rb3+ 52.Kd4 Rb4+ 53.Kc5 Rc4+ 54.Kb6 b4 55.Rxg6  1-0

[Event "8th Gibtelecom Masters"]
[Site "Caleta ENG"]
[Date "2010.01.27"]
[Round "2"]
[White "Arnott,J"]
[Black "Arvola,B"]
[Result "0-1"]
[WhiteElo "2154"]
[BlackElo "2218"]

1.e4 c5 2.Nf3 d6 3.Bb5+ Nd7 4.O-O a6 5.Bxd7+ Qxd7 6.d4 cxd4 7.Qxd4 e6 8.Nc3 Ne7
9.Be3 Nc6 10.Qb6 Be7 11.Rfd1 Bd8 12.Qb3 b5 13.Bc5 Na5 14.Qa3 Nc4 15.Qb3 Qc6
16.Ba3 Rb8 17.Nd2 Nxa3 18.Qxa3 Bf6 19.Qb3 O-O 20.a4 b4 21.Ne2 a5 22.Ng3 Ba6
23.Rac1 Rfc8 24.Qa2 g6 25.b3 Be5 26.Ngf1 Bf4 27.g3 Bh6 28.Ne3 Qc3 29.Nb1 Qc5
30.Re1 d5 31.exd5 exd5 32.Rcd1 d4 33.Ng4 Bg7 34.Nd2 h5 35.Ne4 Qb6 36.Ngf6+ Bxf6
37.Nxf6+ Qxf6 38.Qb2 Bb7  0-1

[Event "8th Gibtelecom Masters"]
[Site "Caleta ENG"]
[Date "2010.01.28"]
[Round "3"]
[White "Arnott,J"]
[Black "Benitah,Y"]
[Result "0-1"]
[WhiteElo "2154"]
[BlackElo "2390"]

1.e4 c5 2.Nf3 d6 3.Bb5+ Nd7 4.O-O Nf6 5.d4 cxd4 6.Qxd4 e5 7.Qd3 Be7 8.c4 O-O
9.Bxd7 Bxd7 10.Nc3 h6 11.Be3 a6 12.Rfd1 Qc7 13.Rac1 Bg4 14.Nd5 Nxd5 15.cxd5 Qd7
16.Bb6 Rac8 17.h3 Bh5 18.Rxc8 Rxc8 19.Kh2 Qa4 20.a3 Bg6 21.Re1 Qc2 22.Qe2 Qxe2
23.Rxe2 Rc4 24.Re3 Rc2 25.b4 Rxf2 26.Rc3 Re2 27.Rc8+ Kh7 28.Rc7 Bf6 29.Rxb7 Bxe4
30.Kg3 Bxd5 31.Rd7 Bg5 32.Nxg5+ hxg5 33.Bf2 f5 34.Rxd6 Be4 35.Rxa6 f4+ 36.Kg4 Rxf2
37.Kxg5 Rxg2+  0-1

[Event "ch-BUL S/F Men"]
[Site "Plovdiv BUL"]
[Date "2010.01.29"]
[Round "8"]
[White "Arnaudov,P"]
[Black "Stankov,A"]
[Result "1-0"]
[WhiteElo "2207"]
[BlackElo "1897"]

1.Nf3 c5 2.e4 d6 3.Bb5+ Bd7 4.a4 a6 5.Bxd7+ Qxd7 6.O-O Nc6 7.c3 Nf6 8.Re1 g6
9.d4 cxd4 10.cxd4 Bg7 11.Nc3 O-O 12.Bg5 e6 13.a5 Qc7 14.Qa4 Rac8 15.d5 Nb8
16.dxe6 fxe6 17.Qb3 Rfe8 18.e5 dxe5 19.Nxe5 Nc6 20.Bxf6 Bxf6 21.Ng4 Be5 22.Ne4 Kh8
23.Ng5 Nd4 24.Qd1 Bg7 25.Ne5 Qc5 26.Re4 Bxe5 27.Rxe5 Qc4 28.Nf7+ Kg7 29.Nd6 Qb4
30.Nxe8+ Rxe8 31.Ra4  1-0

[Event "Corus C"]
[Site "Wijk aan Zee NED"]
[Date "2010.01.30"]
[Round "12"]
[White "Muzychuk,M"]
[Black "Van Kampen,R"]
[Result "1-0"]
[WhiteElo "2447"]
[BlackElo "2456"]

1.e4 c5 2.Nf3 d6 3.Bb5+ Nc6 4.O-O Bd7 5.Re1 a6 6.Bxc6 Bxc6 7.d4 cxd4 8.Qxd4 e6
9.Nc3 Nf6 10.Nd5 h6 11.Bd2 Nd7 12.c4 f6 13.b4 Kf7 14.a4 b6 15.Nc3 Be7 16.a5 Bb7
17.axb6 Nxb6 18.b5 Nd7 19.Na4 Nc5 20.Nxc5 dxc5 21.Qb2 axb5 22.cxb5 Rxa1 23.Rxa1 Bxe4
24.b6 Qd5 25.Be3 Qc6 26.Ra7 Rd8 27.Nd2 Bd5 28.Rc7 Qa4 29.f3 Kf8 30.b7 Qa7
31.Qb5 Qb8 32.Qb6 Bxb7 33.Qxb7 Qxb7 34.Rxb7 Rc8 35.Nc4 Ra8 36.Nb6 Ra1+ 37.Kf2 Ra2+
38.Kg3 Ke8 39.Rb8+ Kf7 40.Rc8 Rc2 41.Rc6 g5 42.Nd7 c4 43.Nb6 c3 44.Na4 Re2
45.Rxc3 Bd6+ 46.Kh3 h5 47.Rd3 Be5 48.Nc5 g4+ 49.fxg4 hxg4+ 50.Kxg4 Rxg2+
51.Kf3 Rxh2 52.Rd7+ Kg6 53.Nxe6 Rh3+ 54.Ke2 Kf5 55.Nc5 Rh2+ 56.Kd3 Rh3 57.Rd5 Kg6
58.Ne6 Kf5 59.Nd4+ Kg6 60.Ne2 Kf5 61.Rb5 Kg6 62.Ra5 Bc7 63.Ra6 Kf5 64.Nd4+ Kg6
65.Ne2 Kf5 66.Rc6 Be5 67.Rc5 Kg6 68.Rb5 Kf7 69.Kd2 Rh2 70.Ba7 Rh3 71.Rb7+ Kg6
72.Be3 Rh2 73.Kd3 Rh3 74.Rb1 Rh4 75.Rg1+ Kf7 76.Rf1 Ra4 77.Nd4 Kg6 78.Rg1+ Kf7
79.Ke4 Rb4 80.Kd5 Ra4 81.Nf5 Ra6 82.Bc5 Ke8 83.Rg7 Kd8 84.Ne7 Ra1 85.Nc6+ Kc8
86.Nxe5 fxe5 87.Kc6 Rd1 88.Ra7 Kb8 89.Ra4 Rc1 90.Rg4  1-0

[Event "ch-ROU m"]
[Site "Baile Olanesti ROU"]
[Date "2010.01.31"]
[Round "1"]
[White "Martian,D"]
[Black "Hajbok,R"]
[Result "1/2-1/2"]
[WhiteElo "1867"]
[BlackElo "2295"]

1.e4 c5 2.Nf3 d6 3.Bb5+ Nc6 4.d4 cxd4 5.Nxd4 Bd7 6.Bxc6 bxc6 7.c4 g6 8.O-O Bg7
9.Nc3 Nf6 10.h3 Qb6 11.Nde2 Be6 12.b3 Qa5 13.Qd3 Nd7 14.Bd2 O-O 15.Qg3 Qa3
16.Rad1 Nc5 17.f4 f6 18.Nd4 Bd7 19.f5 Be8 20.Rb1 Qa6 21.h4 Kh8 22.Qf3 Bf7
23.g4 Nd7 24.Bf4 Rg8 25.Rf2 Ne5 26.Qe2 Qc8 27.Rd1 Qe8 28.Kh2 gxf5 29.Bxe5 dxe5
30.Nxf5 Bf8 31.Kh3 Be6 32.Qf3 Rd8 33.Rfd2 Rxd2 34.Rxd2 Bf7 35.Na4 h5 36.Rg2 hxg4+
37.Rxg4 Rxg4 38.Qxg4 Bh5 39.Qg1 Qd7 40.Nc5 Qc8 41.Kh2 e6 42.Ng3 Bf7 43.Nd3 Qd7
44.Qf1 Bg7 45.Qf3 Kg8 46.Nc5 Qd4 47.Nd3 Qc3 48.Kg2 Qd4 49.Nf2 Kf8 50.a4 Ke7
51.Kh3 Bh6 52.Ne2 Qd2 53.Ng4 Bf4 54.Ng3 Bg6 55.h5 Bh7 56.Ne2 Bg5 57.Kg2 Qc2
58.Nf2 f5 59.exf5 Bxf5 60.Ng3 Kd7 61.Ne4 Bh4 62.Ng3 Bg5 63.Ne4 Bf4 64.Nc5+ Kc7
65.Qd1 Qxd1 66.Nxd1 Kd6 67.Nb7+ Kc7 68.Nc5 Kd6 69.Nb7+ Ke7 70.Kf3 Bc2 71.Nf2 Bxb3
72.Nd3 Bh6 73.Nxe5 Bxa4 74.Ng6+ Kf6 75.Na5 Bd1+ 76.Ke4 Bxh5 77.Ne5 c5 78.Nd7+ Ke7
79.Nxc5 Kd6 80.Ncb3 Bg6+ 81.Kf3 Kc7 82.c5 Bg7 83.Kf4 Bc2 84.Ke3 Bxb3 85.Nxb3 Kc6
86.Kd3 Kb5 87.Ke4 Bf6 88.Kf4 Be7 89.Nd4+ Kxc5 90.Nxe6+ Kb4 91.Nd4 Kc4 92.Nc6 Bd6+
93.Ke4 a6 94.Na5+ Kb4 95.Nc6+ Kc5 96.Nd4 Kc4 97.Nc6 Bc7 98.Ke3 Kc5 99.Nd4 Kd5
100.Kd3 a5 101.Nb5 Be5 102.Nc3+ Kc5 103.Ne4+ Kb4 104.Kc2 Bd4 105.Kb1 a4 106.Nd2 Be3
107.Ne4 Kb3 108.Ng3 Bd2 109.Ne2 Be3 110.Nc1+ Ka3 111.Ne2 Bd2 112.Nc1 Kb4
113.Nd3+ Kc3 114.Ka2 Kxd3 115.Ka3 Kc4 116.Kxa4 Bb4  1/2-1/2

[Event "8th Gibtelecom Masters"]
[Site "Caleta ENG"]
[Date "2010.01.31"]
[Round "6"]
[White "Al Tamimi,H"]
[Black "Carlsson,P"]
[Result "0-1"]
[WhiteElo "2238"]
[BlackElo "2476"]

1.e4 c5 2.Nf3 d6 3.Bb5+ Nd7 4.d4 cxd4 5.Qxd4 a6 6.Bc4 Ngf6 7.Nc3 e6 8.Bg5 Be7
9.a4 O-O 10.O-O Qc7 11.a5 b5 12.axb6 Nxb6 13.Be2 h6 14.Bh4 Bb7 15.e5 dxe5
16.Qxe5 Bd6 17.Qa5 Nfd7 18.Bg3 e5 19.Na4 Rfe8 20.Rfd1 Qc6 21.Nxb6 Nxb6 22.c3 Nd5
23.Nxe5 Bxe5 24.Bf3 Bxg3 25.Bxd5 Bxf2+ 26.Kxf2 Qf6+ 27.Kg1 Re5 28.c4 Bxd5
29.Rxd5 Re2 30.Rf1 Qg6 31.Rd8+ Kh7 32.g3 Qc2  0-1

[Event "2nd Chennai Open"]
[Site "Chennai IND"]
[Date "2010.01.31"]
[Round "8"]
[White "Muminova,N"]
[Black "Ganesh,Bh"]
[Result "0-1"]
[WhiteElo "2347"]
[BlackElo "2152"]

1.e4 c5 2.Nf3 d6 3.Bb5+ Bd7 4.Bxd7+ Qxd7 5.O-O Nc6 6.c3 Nf6 7.Qe2 e6 8.d4 cxd4
9.cxd4 d5 10.e5 Ng8 11.Nbd2 Nge7 12.Nb3 Nf5 13.g4 Nfe7 14.Nc5 Qc7 15.Be3 Ng6
16.Nd3 Be7 17.Rac1 O-O 18.Nd2 f6 19.f4 fxe5 20.dxe5 d4 21.Rxc6 Qxc6 22.Bxd4 Rad8
23.Nb3 Rxd4 24.Nxd4 Qb6 25.Qf2 Bh4 26.Qe3 Rd8 27.f5 Rxd4 28.Kh1 Qc6+ 29.Qf3 Rxd3
30.Qxc6 bxc6 31.fxg6 hxg6 32.Rc1 Rd2 33.Rxc6 Rxb2 34.Ra6 Bf2 35.Kg2 Bb6+
36.Kg3 Rb5 37.Ra4 Ra5 38.Rc4 Rxa2 39.h4 Bf2+ 40.Kf3 Bxh4  0-1

[Event "15th HIT Open A"]
[Site "Nova Gorica SLO"]
[Date "2010.01.31"]
[Round "2"]
[White "Pavasovic,D"]
[Black "Cebalo,M"]
[Result "1/2-1/2"]
[WhiteElo "2574"]
[BlackElo "2500"]

1.e4 c5 2.Nf3 d6 3.Bb5+ Nc6 4.Bxc6+ bxc6 5.O-O e5 6.c3 f5 7.d4 fxe4 8.Ng5 Be7
9.dxe5 d5 10.Qa4 Qb6 11.Rd1 Kf8 12.c4 h6 13.cxd5 Bxg5 14.Nc3 Bf5 15.d6 Re8
16.Nxe4 Rxe5 17.Nxg5 hxg5 18.Bxg5 Bd7 19.Qf4+ Rf5 20.Qe3 c4 21.Rac1 Rh5 22.Be7+ Kf7
23.Qxb6 axb6 24.g4 Rhg5 25.Bxg5 Rxg5 26.h3 Rb5 27.Rd2 Nf6 28.Rxc4 Ke6 29.f3 Nd5
30.Kf2 Kxd6 31.h4 Ra5 32.a3 g6 33.h5 gxh5 34.gxh5 Bf5 35.Rf4 Ke5 36.Rc4 Kd6
37.Rf4 Ke5 38.Rc4  1/2-1/2

[Event "8th Gibtelecom Masters"]
[Site "Caleta ENG"]
[Date "2010.02.01"]
[Round "7"]
[White "Sedina,E"]
[Black "Dzagnidze,N"]
[Result "1/2-1/2"]
[WhiteElo "2335"]
[BlackElo "2506"]

1.e4 c5 2.Nf3 d6 3.Bb5+ Nc6 4.O-O Bg4 5.c3 e5 6.d4 Bxf3 7.Qxf3 cxd4 8.cxd4 exd4
9.Na3 Be7 10.Nc4 Kf8 11.Bxc6 bxc6 12.Bf4 Nf6 13.e5 dxe5 14.Nxe5 c5 15.Rfe1 Qd5
16.Nd7+ Qxd7 17.Qxa8+ Bd8 18.Qb8 g5 19.Bxg5 Kg7 20.Qg3 Nh5 21.Qh4 f6 22.Qxh5 fxg5
23.Rad1 Bc7 24.Qe2 Rd8 25.Qd3 Qd5 26.b3 Be5 27.Qe4 Qxe4 28.Rxe4 Kf6 29.g3 Kf5
30.Rde1 Rd5 31.f3 a5 32.Kf1 h5 33.Ke2 h4 34.g4+ Kf6 35.h3 d3+ 36.Kd1 d2 37.R1e2 Bf4
38.Rxf4+ gxf4 39.Rxd2 Re5 40.Rd3 Ke6 41.Kd2 Ke7 42.Rc3 Rd5+ 43.Ke2 Re5+ 44.Kf1 Rd5
45.Rc4 Rd2 46.Ra4 Rh2 47.Kg1 Rxh3 48.Rxf4 Rg3+ 49.Kf2 Rh3 50.Kg2 Rg3+ 51.Kf2 Rh3
52.Ra4 Rh2+ 53.Ke3 h3 54.Rxa5 Rc2 55.Ra7+ Kf6 56.Rh7 h2 57.a4 Kg6 58.Rh5 Rb2
59.Kf4 Rxb3 60.Rxh2 Rb4+ 61.Kg3 Rxa4 62.Rc2 c4 63.Rc3 Rb4 64.Kf4 Kf6 65.Ke4 Kg5
66.Ke5 Rb3 67.Kd4 Rb8 68.Rxc4 Kf4 69.Rc3 Rd8+ 70.Kc4 Re8 71.Kd5 Re1 72.Kd6 Re2
73.Kd7 Re1 74.Rd3 Re2 75.Kc6 Re1 76.Kc5 Re2 77.Kb4 Re1 78.Kb3 Re2 79.Kc3 Re1
80.Kd2 Re8 81.Ra3 Re7 82.Kc2 Rd7 83.Rc3 Rd8 84.Rd3 Re8 85.Kd2 Re7 86.Kc1 Re8
87.Kb2 Rc8 88.Kb3 Rc7 89.Rc3 Rd7 90.Kc4 Rd8 91.Rd3 Rc8+ 92.Kb5 Rc7 93.Ka4 Rc8
94.Kb3 Rc7 95.Rc3 Rd7 96.Kc2 Rd8 97.Rd3 Rc8+ 98.Kd1 Re8 99.Kd2 Re7 100.g5 Kxg5
101.Rd4 Kf5 102.Kd3 Re8 103.Rd7 Re1 104.Rf7+ Kg5 105.Kd4 Re2 106.Rg7+ Kf4
107.Rf7+ Kg5 108.Rf8 Re1 109.Kd5 Re2 110.f4+ Kg6 111.Kd6 Re1 112.Kd7 Rd1+
113.Ke6 Re1+ 114.Kd5 Re2  1/2-1/2

[Event "ch-ROU m"]
[Site "Baile Olanesti ROU"]
[Date "2010.02.02"]
[Round "4"]
[White "Sofronie,I"]
[Black "Petrisor,A"]
[Result "1-0"]
[WhiteElo "2457"]
[BlackElo "2347"]

1.e4 c5 2.Nf3 d6 3.Bb5+ Nd7 4.d4 a6 5.Bxd7+ Bxd7 6.Nc3 cxd4 7.Qxd4 Nf6 8.Bg5 e6
9.O-O-O Be7 10.e5 dxe5 11.Nxe5 Bc6 12.Nxc6 bxc6 13.Bxf6 Bxf6 14.Qc5 Qc7 15.Rhe1 Be7
16.Nd5 Qf4+ 17.Nxf4 Bxc5 18.Nd3 Bb6 19.f3 Bc7 20.Ne5 c5 21.g3 Rc8 22.Rd3 Bxe5
23.Rxe5 Ke7 24.Rc3 Kd6 25.Re4 Rc6 26.Re2 c4 27.Rd2+ Ke7 28.Rd4 Rhc8 29.Kd2 Rb8
30.b3 cxb3 31.axb3 Rxc3 32.Kxc3 e5 33.Rd5 Ke6 34.Rc5 Rb6 35.b4 Kd6 36.Ra5 g6
37.Kb3 f5 38.c4 Rc6 39.Kc3 h6 40.Ra2 Kc7 41.c5 Re6 42.Kc4 e4 43.Kd5 Re8 44.fxe4 fxe4
45.Rxa6 e3 46.Ra1 Rd8+ 47.Kc4 Rd2 48.Re1 e2 49.Kc3 Ra2 50.Kb3 Rd2 51.b5 h5
52.Kc3 Ra2 53.Kd3 Ra3+ 54.Ke4 Rb3 55.Rxe2 Rxb5 56.Kd5 Kd7 57.Ra2  1-0

[Event "8th Gibtelecom Masters"]
[Site "Caleta ENG"]
[Date "2010.02.02"]
[Round "8"]
[White "Kapnisis,S"]
[Black "Edouard,R"]
[Result "1/2-1/2"]
[WhiteElo "2510"]
[BlackElo "2608"]

1.e4 c5 2.Nf3 d6 3.Bb5+ Bd7 4.Bxd7+ Qxd7 5.c4 Nf6 6.Nc3 g6 7.d4 cxd4 8.Nxd4 Bg7
9.f3 O-O 10.Be3 Nc6 11.O-O a6 12.Na4 Rad8 13.Nb6 Qc7 14.Nb3 e6 15.Qd2 Nd7
16.Nxd7 Rxd7 17.Rac1 Rc8 18.f4 Ne7 19.Nd4 Nc6 20.Nb3 Ne7 21.Nd4 Nc6 22.Nb3  1/2-1/2

[Event "ch-ROU m"]
[Site "Baile Olanesti ROU"]
[Date "2010.02.04"]
[Round "6"]
[White "Moldovan,D"]
[Black "Daianu,C"]
[Result "1/2-1/2"]
[WhiteElo "2443"]
[BlackElo "2290"]

1.e4 c5 2.Nf3 d6 3.Bb5+ Bd7 4.c4 Nf6 5.Nc3 e6 6.Bxd7+ Qxd7 7.d4 cxd4 8.Nxd4 Be7
9.O-O Nc6 10.Nxc6 Qxc6 11.Qd3 O-O 12.Bg5 h6 13.Bh4 Rfe8 14.Rfe1 Ng4 15.Bxe7 Rxe7
16.b3 Rd8 17.Rad1 Red7 18.h3 Nf6  1/2-1/2

[Event "8th Gibtelecom Masters"]
[Site "Caleta ENG"]
[Date "2010.02.04"]
[Round "10"]
[White "Kympergr,V"]
[Black "Andersen,N"]
[Result "0-1"]
[WhiteElo "1599"]
[BlackElo "1965"]

1.e4 c5 2.Nf3 d6 3.Bb5+ Bd7 4.Bxd7+ Qxd7 5.d4 e6 6.dxc5 dxc5 7.Qxd7+ Nxd7
8.Bf4 Ngf6 9.Nc3 a6 10.O-O Nh5 11.Be3 Be7 12.Rad1 h6 13.Rd2 Nb6 14.b3 O-O
15.Rfd1 Rac8 16.Ne5 Bf6 17.f4 Bd8 18.Nd7 Nxd7 19.Rxd7 Ba5 20.Ne2 Nf6 21.Rxb7 Nxe4
22.Rdd7 Rfd8 23.Ng3 Rxd7 24.Rxd7 Nf6 25.Ra7 Rc6 26.Ra8+ Kh7 27.h3 Nd5 28.Bc1 c4
29.Bb2 cxb3 30.cxb3 Nxf4 31.Be5 Nd3 32.Bb8 Bb6+ 33.Kf1 a5 34.Ra6 Nb4 35.Ra8 Rc1+
36.Ke2 Rc2+ 37.Kf3 Rxa2 38.Bd6 Rf2+ 39.Ke4 Rxg2 40.Rb8 f5+ 41.Ke5 Rxg3 42.Rxb6 Re3+
43.Kd4 Rxb3 44.Kc4 Rxh3 45.Be7 Re3 46.Bf8 Kg8 47.Rb8 Kf7 48.Ra8 Re4+ 49.Kb3 Nd5
50.Ka3 h5 51.Bd6 g5 52.Rf8+ Kg7 53.Ra8 h4 54.Rxa5 h3 55.Ra7+ Kg6 56.Bf8 Kh5
57.Rh7+ Kg4 58.Bd6 Nf4 59.Bb4 Kg3  0-1

[Event "8th Gibtelecom Masters"]
[Site "Caleta ENG"]
[Date "2010.02.04"]
[Round "10"]
[White "Al Tamimi,H"]
[Black "Bindrich,O"]
[Result "1/2-1/2"]
[WhiteElo "2238"]
[BlackElo "2173"]

1.e4 c5 2.Nf3 d6 3.Bb5+ Nd7 4.d4 Nf6 5.Nc3 cxd4 6.Qxd4 e5 7.Qd3 h6 8.O-O Be7
9.Be3 O-O 10.Rfd1 Nb8 11.b3 Be6 12.Bc4 Nc6 13.a3 a6 14.Nd2 b5 15.Bd5 Rc8
16.Bxc6 Rxc6 17.Nd5 Bxd5 18.exd5 Rc8 19.a4 Nh5 20.Qe2 Nf4 21.Bxf4 exf4 22.axb5 axb5
23.c3 b4 24.cxb4 Rc2 25.Qe4 Rb2 26.Rab1 Ra2 27.b5 Bf6 28.b6 Qa8 29.Qc4 Rb8
30.b7 Qa7 31.Qc8+ Kh7 32.Qf5+ Kg8 33.Qc8+ Kh7 34.Qf5+ Kg8 35.Ne4 Bd4 36.Qc8+ Kh7
37.Qf5+ Kg8 38.Qc8+ Kh7 39.Qf5+ Kg8 40.Rdc1 Bxf2+ 41.Kh1 Bc5 42.Nxc5  1/2-1/2

[Event "ch-ROU m"]
[Site "Baile Olanesti ROU"]
[Date "2010.02.05"]
[Round "7"]
[White "Lupulescu,C"]
[Black "Burnoiu,N1"]
[Result "1-0"]
[WhiteElo "2592"]
[BlackElo "2408"]

1.e4 c5 2.Nf3 d6 3.Bb5+ Bd7 4.Bxd7+ Qxd7 5.c4 Nc6 6.d4 cxd4 7.Nxd4 g6 8.Nc3 Bg7
9.Nde2 Nf6 10.f3 O-O 11.O-O Rac8 12.b3 e6 13.Bg5 h6 14.Bh4 g5 15.Bf2 Rfd8
16.Nd4 d5 17.exd5 exd5 18.c5 Nh5 19.Rc1 Nf4 20.Ncb5 Be5 21.Re1 Re8 22.Qd2 a6
23.Nc3 Nb4 24.Na4 Nbd3 25.Nb6 Qc7 26.Nxd5 Nxd5 27.Qxd3 Bxh2+ 28.Kf1 Bf4 29.Rcd1 Rxe1+
30.Rxe1 Qxc5 31.Nf5 Qb5 32.Qxb5 axb5 33.g3 Bd2 34.Re5  1-0

[Event "Bundesliga 2009-10"]
[Site "Muelheim GER"]
[Date "2010.02.05"]
[Round "7"]
[White "Schebler,G"]
[Black "Scholz,C"]
[Result "1/2-1/2"]
[WhiteElo "2486"]
[BlackElo "2373"]

1.Nf3 c5 2.e4 d6 3.Bb5+ Nd7 4.c3 Nf6 5.Qe2 e5 6.d4 Qc7 7.dxe5 dxe5 8.Bg5 Be7
9.Bxf6 Bxf6 10.c4 O-O 11.Bxd7 Bxd7 12.Nc3 g6 13.Nd5 Qd8 14.O-O Bg7 15.Rad1 Re8
16.Rd2 Qc8 17.Rfd1 Bc6 18.Qe3 b6 19.Qg5 Kf8 20.h3 h6 21.Qg3 Qb7 22.h4 h5
23.Ng5 Kg8 24.Qf3 Rad8 25.Ne7+ Qxe7 26.Rxd8 f6 27.Rxe8+ Qxe8 28.Nh3 Qa8 29.Re1 Qd8
30.Qe2 Qd4 31.Kf1 Qd7 32.f3 b5 33.Rd1 Qb7 34.Kg1 Kh7 35.b3 Bh6 36.Rd6 Kg7
37.Kh2 Be8 38.Nf2 Qe7 39.Rd5 bxc4 40.bxc4 Bf7 41.Rd1 Qe6 42.Rd5 Qe7 43.Rd1 Qe6
44.Rd5  1/2-1/2

[Event "TCh-NED 2009-10"]
[Site "Netherlands NED"]
[Date "2010.02.06"]
[Round "6"]
[White "Klip,H"]
[Black "Piceu,T"]
[Result "1-0"]
[WhiteElo "2350"]
[BlackElo "2416"]

1.e4 c5 2.Nf3 d6 3.Bb5+ Nd7 4.c3 a6 5.Ba4 Nf6 6.Qe2 g6 7.d4 b5 8.Bb3 c4 9.Bc2 e5
10.b3 Bb7 11.bxc4 bxc4 12.dxe5 dxe5 13.Qxc4 Rc8 14.Qe2 Be7 15.Bh6 Ng4 16.Bd2 O-O
17.O-O Qb6 18.c4 Qc7 19.Bb3 f5 20.c5+ Kh8 21.h3 Ngf6 22.exf5 gxf5 23.Bh6 Rg8
24.Bxg8 Rxg8 25.Ng5 Rg6 26.Nc3 Bxc5 27.Kh1 Bf8 28.Bxf8 Rxg5 29.f3 Nxf8 30.Qd2 Ne6
31.Rac1 Qg7 32.Qd6 Nf4 33.Qxe5 Nxg2 34.Rb1 Rh5 35.Rxb7 Rxh3+ 36.Kg1 Qg6 37.Kf2 Nh4
38.Rg1 Rxf3+ 39.Ke2 Qe8 40.Rb8  1-0

[Event "1st MGU Open"]
[Site "Sofia BUL"]
[Date "2010.02.07"]
[Round "5"]
[White "Zhotev,J"]
[Black "Nikolova,A"]
[Result "0-1"]
[WhiteElo "2086"]
[BlackElo "2336"]

1.e4 c5 2.Nf3 d6 3.Bb5+ Bd7 4.Bxd7+ Qxd7 5.O-O Nc6 6.Nc3 g6 7.d3 Bg7 8.Re1 e6
9.Bf4 Nge7 10.Qd2 a6 11.Bh6 Bxh6 12.Qxh6 O-O-O 13.Rad1 Ne5 14.Nxe5 dxe5 15.Qe3 Qc7
16.Na4 b6 17.b4 Qc6 18.Nb2 Kc7 19.bxc5 Qxc5 20.Qxc5+ bxc5 21.Nc4 Nc6 22.c3 Rb8
23.Kf1 Rb5 24.Rb1 Rhb8 25.Rxb5 axb5 26.Na3 Kb6 27.Rb1 Ka5 28.Ke2 Ka4 29.Nc2 b4
30.c4 f5 31.f3 h5 32.h4 fxe4 33.fxe4 Nd4+ 34.Nxd4 exd4 35.Rb3 Rf8 36.Rb2 Ka3
37.Rd2 e5 38.Rc2 Rf4 39.g3 Rf7 40.Rd2 Rf8 41.Rc2 Ra8 42.Kf3 b3 43.axb3 Kxb3
44.Rd2 Kc3 45.Ke2 Ra1  0-1

[Event "TCh-Eur Seniors"]
[Site "Dresden GER"]
[Date "2010.02.12"]
[Round "3"]
[White "Thormann,W"]
[Black "Petrushin,A1"]
[Result "0-1"]
[WhiteElo "2273"]
[BlackElo "2465"]

1.e4 c5 2.Nf3 d6 3.Bb5+ Bd7 4.Bxd7+ Nxd7 5.O-O Ngf6 6.Re1 e6 7.c3 Be7 8.d4 O-O
9.h3 Rc8 10.Bg5 h6 11.Bh4 cxd4 12.cxd4 d5 13.e5 Ne4 14.Bxe7 Qxe7 15.Qb3 Rc4
16.Qa3 Qb4 17.Qxb4 Rxb4 18.Re2 Rc8 19.Na3 Nf8 20.Rd1 Ng6 21.g3 Ne7 22.Kg2 Ra4
23.Rd3 Nc6 24.Rb3 Na5 25.Rb5 a6 26.Rb6 Rc6 27.Rxc6 Nxc6 28.Rc2 Kf8 29.Nb1 Rxa2
30.Nbd2 Nxd2 31.Rxd2 Na5 32.b3 Ra3 33.Rc2 Rxb3 34.Rc7 Nc6 35.g4 a5 36.g5 a4
37.g6 fxg6 38.Nh4 Ne7  0-1

[Event "26th Open"]
[Site "Cappelle la Grande FRA"]
[Date "2010.02.15"]
[Round "3"]
[White "Rivas Pastor,M"]
[Black "Geetha Narayanan Gopal"]
[Result "1/2-1/2"]
[WhiteElo "2531"]
[BlackElo "2575"]

1.e4 c5 2.Nf3 d6 3.Bb5+ Nd7 4.c3 Nf6 5.d3 g6 6.O-O Bg7 7.Re1 a6 8.Ba4 b5
9.Bc2 e5 10.a4 Bb7 11.axb5 axb5 12.Rxa8 Bxa8 13.Na3 Qb6 14.b4 O-O 15.Bd2 d5
16.bxc5 Qxc5 17.Qc1 dxe4 18.dxe4 Bc6 19.h3 Ra8 20.Nb1 Qd6 21.Bg5 Nc5 22.Nbd2 h6
23.Be3 Nfd7 24.Rd1 Qe6 25.Ne1 Qe7 26.f3 Nb6 27.Nd3 Nxd3 28.Bxd3 Na4 29.Nb1 h5
30.Qc2 Bf8 31.Qe2 Qb7 32.Rc1 Bc5 33.Bxc5 Nxc5 34.Bc2 Ra2 35.Qe3 Qe7 36.Nd2 Kg7
37.Kh2 Rb2 38.Bd1 Ne6 39.Rc2 Qa3 40.Rxb2 Qxb2 41.Bb3 Bd7 42.Bxe6 Bxe6 43.h4 b4
44.cxb4  1/2-1/2

[Event "4th SOP-SMAOK Open"]
[Site "Athens GRE"]
[Date "2010.02.16"]
[Round "6"]
[White "Tassopoulos,M"]
[Black "Panagiotopoulos,V"]
[Result "1-0"]
[WhiteElo "2243"]
[BlackElo "1967"]

1.e4 c5 2.Nf3 d6 3.Bb5+ Nd7 4.d4 Nf6 5.O-O cxd4 6.Qxd4 e5 7.Qd3 h6 8.c4 Be7
9.Nc3 O-O 10.Bxd7 Bxd7 11.Ne1 Rc8 12.Nc2 Be6 13.b3 Nd7 14.Ba3 f5 15.f3 Qb6+
16.Kh1 Nc5 17.Bxc5 Qxc5 18.Ne3 f4 19.Ned5 Bd8 20.Rfd1 Rf7 21.a3 a6 22.Na4 Qa7
23.Rac1 Bd7 24.Nac3 g5 25.b4 b6 26.b5 a5 27.Na4 Be6 28.Ndxb6 Bxb6 29.Qxd6 Be3
30.Qxe6 Rf8 31.Rc3 Bd4 32.Rc2 Kh8 33.Qxh6+ Kg8 34.Nc3 Qe7 35.Nd5 Qxa3 36.Rcd2 Qc5
37.Rxd4 exd4 38.Qxg5+ Kh8 39.Qe5+ Rg7 40.Qxd4 Qa3 41.Ra1 Qb3 42.Qd2 Qxc4
43.Nxf4 a4 44.Qd6 Rc8 45.h3 Qc3 46.Rd1 a3 47.Qh6+ Rh7 48.Qe6 Rg8 49.Ng6+ Rxg6
50.Rd8+ Kg7 51.Rg8+  1-0

[Event "Uxbridge Int Morphy"]
[Site "Uxbridge ENG"]
[Date "2010.02.16"]
[Round "7"]
[White "Larsen,Ka"]
[Black "Adair,J"]
[Result "1-0"]
[WhiteElo "2319"]
[BlackElo "2167"]

1.e4 c5 2.Nf3 d6 3.Bb5+ Bd7 4.Bxd7+ Qxd7 5.O-O Nf6 6.Re1 Nc6 7.c3 e6 8.d4 cxd4
9.cxd4 d5 10.e5 Ne4 11.Nbd2 Nxd2 12.Bxd2 Be7 13.Rc1 O-O 14.Rc3 Rac8 15.h4 f6
16.exf6 Bxf6 17.Bg5 Qf7 18.Qd2 Rce8 19.Rce3 h6 20.Bxf6 gxf6 21.b4 a6 22.a4 Re7
23.Nh2 Kh7 24.b5 axb5 25.axb5 Nd8 26.Rg3 Qh5 27.Qf4 Ref7 28.Ng4 Qxh4 29.Rh3 Qg5
30.Rxh6+ Kg7 31.Qh2 Rg8 32.Re3 Kf8 33.Qd6+ Ke8 34.Rg3 Rgf8 35.Nxf6+ Rxf6
36.Rxg5 Rxh6 37.Rg7 Nf7 38.Qb8+ Ke7 39.Qxb7+ Kf6 40.Rg3 Rh4 41.Qb6 Rfh8 42.Rh3 Rxh3
43.gxh3 Ng5 44.Qc5 Nxh3+ 45.Kg2 Nf4+ 46.Kf3 Kf5 47.Ke3 Rh3+ 48.f3 Ng6 49.b6 Rh2
50.Qb4 Rh8 51.b7 Rb8 52.Qb6  1-0

[Event "BSF 75th Ann."]
[Site "Bronshoj DEN"]
[Date "2010.02.18"]
[Round "6"]
[White "Aabling Thomsen,J"]
[Black "Teplyi,I"]
[Result "1/2-1/2"]
[WhiteElo "2312"]
[BlackElo "2305"]

1.e4 c5 2.Nf3 d6 3.Bb5+ Nd7 4.d4 cxd4 5.Qxd4 a6 6.Bxd7+ Bxd7 7.O-O Bg4 8.Qd3 Nf6
9.Rd1 g6 10.h3 Bd7 11.e5 dxe5 12.Nxe5 Be6 13.Qe2 Qb6 14.Na3 Rc8 15.Be3 Qc7
16.Bf4 Qc5 17.Rd3 Bg7 18.Rc3 Qd4 19.Rxc8+ Bxc8 20.Nd3 O-O 21.Be5 Qh4 22.Bg3 Qe4
23.Qd2 Qf5 24.Qe2 Ne4 25.Bh2 b5 26.Re1 Bb7 27.Nb1 Rc8 28.c3 e6 29.Nb4 Qg5
30.Qe3 Qxe3 31.Rxe3 a5 32.Nd3 Nf6 33.Re1 Nd5 34.a3 Nb6 35.Be5 Bf8 36.Bd4 Nd5
37.Nd2 b4 38.axb4 axb4 39.Ne4 bxc3 40.bxc3 Ba6 41.Ne5 f5 42.Ng5 Nxc3 43.Nd7 Be7
44.Nf6+ Bxf6 45.Bxf6 Ne2+ 46.Kh2 h6 47.Nf3 Rc1 48.Rxc1 Nxc1 49.h4 Nd3  1/2-1/2

[Event "FSGM February"]
[Site "Budapest HUN"]
[Date "2010.02.18"]
[Round "13"]
[White "Varga,Zo"]
[Black "Sharma,Di"]
[Result "1/2-1/2"]
[WhiteElo "2485"]
[BlackElo "2344"]

1.e4 c5 2.Nf3 d6 3.Bb5+ Bd7 4.Bxd7+ Qxd7 5.O-O Nf6 6.Re1 Nc6 7.c3 g6 8.d4 cxd4
9.cxd4 Bg7 10.Nc3 O-O 11.d5 Na5 12.Qe2 Rfc8 13.Be3 Ng4 14.Bd4 Bxd4 15.Nxd4 Nf6  1/2-1/2

[Event "BSF 75th Ann."]
[Site "Bronshoj DEN"]
[Date "2010.02.19"]
[Round "7"]
[White "Bromann,T"]
[Black "Teplyi,I"]
[Result "1/2-1/2"]
[WhiteElo "2434"]
[BlackElo "2305"]

1.e4 c5 2.Nf3 d6 3.Bb5+ Nd7 4.d4 cxd4 5.Qxd4 a6 6.Bxd7+ Bxd7 7.Bg5 h6 8.Bh4 Rc8
9.Nc3 e5 10.Qa7 g5 11.Bg3 Bc6 12.O-O-O Qc7 13.h4 Nf6 14.Nd2 Rg8 15.hxg5 hxg5
16.f3 Bd7 17.Rhe1 Be6 18.Kb1 Be7 19.Nf1 Qc6 20.Bf2 d5 21.exd5 Nxd5 22.Nxd5 Bxd5
23.Rd2 f6 24.Qb6 Qxb6 25.Bxb6 Be6 26.Ne3 Rh8 27.Nd5 Bxd5 28.Rxd5 Rh2 29.Rd2 Kf7
30.Kc1 Ke6  1/2-1/2